De las notificaciones

Saved in:
Bibliografiske detaljer
Hovedforfatter: Camiruaga Churruca, José Ramón (Author)
Format: Bog
Sprog:spansk
Udgivet: Santiago Jurídica de Chile 2004
Udgivelse:4a. ed
Fag:
Tags: Tilføj Tag
Ingen Tags, Vær først til at tagge denne postø!

MARC

LEADER 00000nam a2200000 a 4500
001 UCI2917
003 CL-VaPUC
008 070928e20040000CL |||||||||||||||||spa|d
020 |a 9561015382 
082 0 4 |a 347.8307  |b CAM  |2 21 
100 0 |a Camiruaga Churruca, José Ramón  |e author  |9 524171 
245 1 0 |a De las notificaciones 
250 |a 4a. ed 
300 |a 417 p 
942 |c BK 
945 |d 20070928 00:00:00  |a jtorresc 
260 |a Santiago  |b Jurídica de Chile  |c 2004 
650 7 |a NOTIFICACION DERECHO  |2 CL-VaPUC  |9 257132 
650 0 |a Procedimiento civil  |9 254870 
651 7 |a CHILE  |2 CL-VaPUC  |9 524172 
583 |a last modification  |c 20070928 00:00:00  |k Rodrigo Vera 
999 |c 327328  |d 327326 
952 |0 0  |1 0  |4 0  |6 347_830700000000000_CAM_2004  |7 0  |8 A  |9 410029  |a BIBDER  |b BIBDER  |d 2019-11-22  |i 4373952  |l 4  |m 1  |o 347.8307 CAM 2004  |p 4373952  |r 2024-10-18  |s 2024-10-11  |w 2019-11-22  |y BK  |k DER 
952 |0 0  |1 0  |4 0  |6 347_830700000000000_CAM_2004  |7 0  |8 A  |9 410030  |a BIBDER  |b BIBDER  |d 2019-11-22  |i 4375831  |l 1  |o 347.8307 CAM 2004  |p 4375831  |r 2023-06-05  |s 2023-06-05  |w 2019-11-22  |y BK  |k DER